| 000 | 00791cam a2200277 i 4500 | ||
|---|---|---|---|
| 999 |
_c16616 _d16616 |
||
| 001 | 17712924 | ||
| 003 | OSt | ||
| 005 | 20180508102834.0 | ||
| 008 | 130426s2014 nyua b 001 0 eng | ||
| 010 | _a 2013017106 | ||
| 020 | _a9780415679633 (hbk) | ||
| 020 | _a9780415679640 (pbk) | ||
| 020 | _a9780203501641 (ebk) | ||
| 040 | _aSEKU | ||
| 050 | 0 | 0 |
_aJF 801 _b.Y3 |
| 100 | 1 | _aYarwood, Richard. | |
| 245 | 1 | 0 |
_aCitizenship / _cRichard Yarwood. |
| 264 | 1 |
_aLondon ; _aNew York : _bRoutledge, Taylor & Francis Group, _c2014. |
|
| 300 |
_a258 p. : _bill. |
||
| 336 |
_atext _2rdacontent |
||
| 337 |
_aunmediated _2rdamedia |
||
| 338 |
_avolume _2rdacarrier |
||
| 504 | _aIncludes bibliographical references (pages 212-250) and index. | ||
| 650 | 0 | _aCitizenship. | |
| 942 |
_2lcc _cGEN |
||